000 00468nam a2200169Ia 4500
001 23524
005 20260414150943.0
008 260414t2016||||xx |||||||||||||| ||spa||
041 _aESP
082 _a660.2844
_bI99
100 _aIzquierdo Torres, José Felipe
_eAUT
245 0 _aIntroducción a la ingeniería química :
_bproblemas resueltos de balances de materia y energía
260 _c2016
650 _aTCA
654 _aCII
942 _cLIB
_dJUS
_fJUS
_2ddc
_n
999 _c23524
_d23524